| 000 | 00996aam a2200361 4500 | ||
|---|---|---|---|
| 005 | 20240927193515.0 | ||
| 008 | 150721b xxu||||| |||| 00| 0 spa d | ||
| 041 | _aEspañol | ||
| 082 | _a658.151.1 R165co7 | ||
| 100 |
_aRamírez Padilla, David Noel _916010 |
||
| 245 | _aContabilidad administrativa | ||
| 250 | _a7 edición | ||
| 260 |
_aMéxico _bMcGraw-Hill _c2005 |
||
| 300 | _a601 páginas | ||
| 650 | _aCONTABILIDAD ADMINISTRATIVA | ||
| 650 | _aINFORMACIÓN CONTABLE | ||
| 650 | _aCOSTOS | ||
| 650 | _aSISTEMAS DE INFORMACIÓN | ||
| 650 | _aFILOSOFIAS ADMINISTRATIVAS | ||
| 650 | _aMISIÓN | ||
| 650 | _aVALORES | ||
| 650 | _aFODA | ||
| 650 | _aPRESUPUESTO | ||
| 650 | _aPRESUPUESTO MAESTRO | ||
| 650 | _aINFORMACIÓN ADMINISTRATIVA | ||
| 650 | _aINFORMACIÓN FINANCIERA | ||
| 650 | _aCONTROL ADMINISTRATIVO | ||
| 650 | _aEVALUACIÓN DEL DESEMPEÑO | ||
| 650 | _aJUSTO A TIEMPO | ||
| 650 | _aINVENTARIO | ||
| 650 | _aPROYECTOS DE INVERSIÓN | ||
| 942 | _cBK | ||
| 999 |
_c2032 _d2032 |
||